|
|
|
|
| LEADER |
00000nam a22000007a 4500 |
| 005 |
20130425165046.0 |
| 007 |
cr|||| |||| |
| 008 |
130425e2013 mx |||||s|||| 00||0 spa d |
| 035 |
|
|
|a 11000
|
| 040 |
|
|
|a vLex
|
| 090 |
|
|
|c 4169
|d 4169
|
| 100 |
1 |
0 |
|a Espinosa, Alejandro Carlos
|
| 245 |
1 |
0 |
|a Derecho Procesal Penal Militar
|c / Alejandro Carlos Espinosa
|h [Recurso electrn̤ico]
|
| 256 |
|
|
|a Servicio en ln̕ea
|
| 260 |
|
|
|a Coyoacǹ, Mx̌ico, D.F. :
|b Criminogenesis,
|c 2013
|
| 300 |
|
|
|a 1 Recurso electrn̤ico
|
| 506 |
|
|
|d vLex Global
|d vLex Global (Academic Edition, excluding Law Schools)
|d vLex Global (U.S. Academic Edition, Law Schools)
|d vLex Global (U.S. Academic Edition, excluding Law Schools)
|d vLex Global (Academic Edition, Law Schools)
|
| 650 |
|
4 |
|a Procedimiento militar
|z Mx̌ico
|
| 650 |
|
4 |
|a Procedimiento criminal militar
|
| 740 |
|
|
|a vLex Libros (Servicio en ln̕ea)
|
| 856 |
|
|
|a Acceso restringido
|u http://www.vlex.com/source/11000
|
| 942 |
|
|
|c BOOK
|
| 999 |
|
0 |
|a Military law
|